| 000 | 00589nam a2200181Ia 4500 | ||
|---|---|---|---|
| 003 | GCL | ||
| 008 | 140319s9999 xx 000 0 ara d | ||
| 040 |
_aGCL / _cGCL |
||
| 082 | 0 | 4 |
_a070.48347 _bا ص |
| 100 | 1 | _aاسماعيل ابراهيم | |
| 245 | 1 | 0 |
_aالصحافة النسائية فى الوطن العربى / _cاسماعيل ابراهيم |
| 300 | _a311 ص | ||
| 490 |
_aالهيئة العامة للاستعلامات _v0 |
||
| 650 | 0 | 4 | _aالصحافة العربية |
| 650 | 0 | 4 | _aالصحافة - تحرير |
| 650 | 0 | 4 | _aالصحف العربية |
| 942 |
_2ddc _cBK |
||
| 999 |
_c49438 _d49438 |
||